Primera Musa- Omar Courtz álbum - Estadísticas

Estadísticas generales
  • Esta prueba ha sido intentada 373 veces
  • La puntuación promedio es 14 de 17
Estadísticas de respuestas
Hint Respuesta % Correcto
Ft. De La Rose Q U E V A S H A C E R H O Y?
99%
Ft. Bryant Myers 2 K 1 6
92%
Ft. Kendo Kaponi I N T R O
92%
Ft. Anuel AA SERIO CON ESE Q
92%
Ft. Rauw Alejandro S E X P L A Y L I S T 1
92%
LUCES DE COLORES
90%
G O D D E S S
86%
UNA NOTi
84%
Ft. Dei V DRIPPEO KBRON
83%
M U S A E L E V Á
82%
I N T E R L U D I O
81%
P I E N S O E N S E X X X O
80%
H E A V Y
76%
Ft. Luar La L P I E N S A E N M I
76%
P o l v o s Q u e N o S e O l v i d a n
76%
A L O C A - T
75%
S I T E G U S T A N L A S G A T A S
72%
No se encontraron pruebas coincidentes
Distribución de puntuación
Porcentaje de gente con cada puntuación
Porcentaje por número respondido
Historial de tus puntuaciones
No has intentado esta prueba.